Hiện trạng chăn nuôi và ảnh hưởng của các loại thức ăn trên sinh trưởng của gà địa phương tại nông hộ ở thành phố Rạch Giá tỉnh Kiên Giang : Luận văn thạc sĩ khoa học nông nghiệp chuyên ngành chăn nuôi
Nhằm mục đích đánh giá hiện trạng chăn nuôi và xác định mức ăn thích hợp để nuôi gà địa phương hướng thịt thực hiện tại xã Phi Thông-TP. Rạch- Kiên Giang. Thí nghiệm thực thông qua 2 giai đoạn.Giai đoạn 1:thu thập số liệu, giai đoạn 2: so sánh...
Đã lưu trong:
| 主要作者: | |
|---|---|
| 格式: | 图书 |
| 语言: | Undetermined |
| 出版: |
Cần Thơ
Trường Đại học Cần Thơ
2010
|
| 主题: | |
| 标签: |
添加标签
没有标签, 成为第一个标记此记录!
|
| Thư viện lưu trữ: | Trung tâm Học liệu Trường Đại học Cần Thơ |
|---|
| LEADER | 01512nam a2200229Ia 4500 | ||
|---|---|---|---|
| 001 | CTU_162679 | ||
| 008 | 210402s9999 xx 000 0 und d | ||
| 082 | |a 636.5 | ||
| 082 | |b H455 | ||
| 088 | |a 60620105 | ||
| 100 | |a Nguyễn, Thị Diễm Hồng | ||
| 245 | 0 | |a Hiện trạng chăn nuôi và ảnh hưởng của các loại thức ăn trên sinh trưởng của gà địa phương tại nông hộ ở thành phố Rạch Giá tỉnh Kiên Giang : | |
| 245 | 0 | |b Luận văn thạc sĩ khoa học nông nghiệp chuyên ngành chăn nuôi | |
| 245 | 0 | |c Nguyễn Thị Diễm Hồng ; Võ Văn Sơn (hướng dẫn khoa học ) | |
| 260 | |a Cần Thơ | ||
| 260 | |b Trường Đại học Cần Thơ | ||
| 260 | |c 2010 | ||
| 520 | |a Nhằm mục đích đánh giá hiện trạng chăn nuôi và xác định mức ăn thích hợp để nuôi gà địa phương hướng thịt thực hiện tại xã Phi Thông-TP. Rạch- Kiên Giang. Thí nghiệm thực thông qua 2 giai đoạn.Giai đoạn 1:thu thập số liệu, giai đoạn 2: so sánh mức độ của các loại thức ăn ảnh hưởng trên sinh trưởng của gà địa phwong từ sau giai đoạn bị cúm đến xuất chuồng | ||
| 650 | |a Gà,Chickens | ||
| 650 | |x Chăn nuôi,Breeding | ||
| 904 | |i T Thu, Hải | ||
| 980 | |a Trung tâm Học liệu Trường Đại học Cần Thơ | ||